Paises con más gente mayor de 65 años - Estadísticas

Estadísticas generales
  • Esta prueba ha sido intentada 45 veces
  • La puntuación promedio es 8 de 10
Estadísticas de respuestas
Continente Porcentaje (%) País % Correcto
Europa 24 Italia
100%
Asia 27,6 Japón
98%
Europa 22,8 Alemania
95%
Europa 20,3 Suecia
88%
Europa 23,5 Finlandia
86%
Europa 23,9 Portugal
84%
Europa 23 Grecia
79%
Europa 21,7 Croacia
63%
Europa 22,5 Bulgaria
60%
Europa 21 Malta
53%
No se encontraron pruebas coincidentes
Distribución de puntuación
Porcentaje de gente con cada puntuación
Porcentaje por número respondido
Historial de tus puntuaciones
No has intentado esta prueba.